00420nam a2200169Ia 4500003000400000008004100004040001600045082001300061100002100074245004300095260003800138300001000176650000900186650001300195650001300208650002900221GCL140319s9999 xx 000 0 eng d aGCL / cGCL04a759bM K1 aMONSEL, PHILIPPE10aKLEE, 1879 - 1940 / cMONSEL, PHILIPPE a[S.N] : bCERCLE D' ART ، c1995 a636 P04aARTS04aPAINTING04aPAINTERS04aPAUL, GAUGIN 1848 - 1903